O ensino da leitura (Registo nº 1147)
[ vista simples ]
| 000 -Etiqueta do registo | |
|---|---|
| Cabeçalho | 00735nam a2200241 i 4500 |
| 005 - Identificador da versão | |
| Campo de controlo | 20240822170907.0 |
| 010 ## - Número internacional normalizado dos livros (ISBN) | |
| Número (ISBN) | 9789727422678 |
| 100 ## - Dados gerais de processamento | |
| Dados gerais de processamento | 20071114d2007 m y0pory5003 ba |
| 101 0# - Língua de publicação | |
| Língua do texto, banda sonora, etc. | Português |
| 102 ## - Pais de publicação ou produção | |
| País de publicação | Portugal |
| 105 ## - Campo de dados codificados: livros | |
| Dados codificados dos livros | y z 000yy |
| 106 ## - Campo de dados codificados: material textual | |
| Dados codificados do material textual | r |
| 200 1# - Titulo e menção de responsabilidade | |
| Título próprio | O ensino da leitura |
| Informação de outro título | a compreensão de textos |
| Primeira menção de responsabilidade | Inês Sim-Sim |
| Outras menções de responsabilidade | colab. Cristina Duarte, Manuela Micaela |
| 210 ## - Publicação, Distribuição, etc. | |
| Lugar da edição, distribuição, etc. | Lisboa |
| Nome do editor, distribuidor, etc. | Direcção-Geral de Inovação e Desenvolvimento Curricular |
| Data da publicação, distribuição, etc. | 2007 |
| 215 ## - Descrição física | |
| Indicação específica da natureza do documento e extensão da espécie | 71 p. |
| 675 ## - Classificação Decimal Universal (CDU) | |
| Notação | 371 |
| Edição | BN |
| Língua da edição | por |
| Notação | 159.946 |
| Edição | BN |
| Língua da edição | por |
| 700 #1 - Nome de autor-pessoa física (responsabilidade principal) | |
| Número de registo de entrada de autoridade | 0001584 |
| Palavra de ordem | Sim-Sim |
| Outra parte do nome não tomada para palavra de ordem | Inês |
| Datas | 1946- |
| 702 #1 - Nome de autor-pessoa física (responsabilidade secundária) | |
| Número de registo de entrada de autoridade | 0001585 |
| Palavra de ordem | Duarte |
| Outra parte do nome não tomada para palavra de ordem | Cristina |
| Datas | 1956- |
| Código de função | Colaborador |
| Número de registo de entrada de autoridade | 0001586 |
| Palavra de ordem | Micaelo |
| Outra parte do nome não tomada para palavra de ordem | Maria Manuela Prata |
| Código de função | Colaborador |
| 942 ## - Elementos de entrada adicionados (Koha) | |
| Tipo de item no Koha | Livro |
| Situação do levantamento | Origin of item (home branch) (coded) | Biblioteca de empréstimo | Código de barras | Cota | Circulation type (not for loan) | Tipo de documento | Nota do exemplar | Damaged status |
|---|---|---|---|---|---|---|---|---|
| Biblioteca Escolar Eng. Nuno Mergulhão | Biblioteca Escolar Eng. Nuno Mergulhão | BENM2093 | 37 EDU | Livro | Sem mensagem |
